000 00586nam a22001937a 4500
999 _c178467
_d178467
005 20210331154136.0
010 _aB-738677
020 _a8175083522
035 _aB-738677
037 _bGift
082 _a954.56
100 _aNath, Aman
245 _aDome over India:
_bRashtrapati Bhavan /
_cby Aman Nath
260 _aNew Delhi
_bIndia Book House
300 _a149p.:
_bcol. ill.
_c33cm(Hb)
500 _aincludes bibliographical references and index
942 _2ddc
_cEN
_h954.56
_mNAT